[Event "62nd ch-GEO w"]
[Site "Tblisi GEO"]
[Date "2005.05.14"]
[Round "9"]
[White "Arakhamia,K"]
[Black "Khukhashvili,S"]
[Result "0-1"]
[WhiteElo "2452"]
[BlackElo "2366"]

1.e4 c5 2.Nf3 d6 3.d4 cxd4 4.Nxd4 Nf6 5.Nc3 Nc6 6.Bg5 e6 7.Qd2 a6 8.O-O-O Nxd4
9.Qxd4 Be7 10.f4 b5 11.Be2 Bb7 12.Bf3 Qc7 13.Bxf6 gxf6 14.Kb1 Rc8 15.f5 Qc5
16.Qd3 h5 17.Rhe1 b4 18.Ne2 e5 19.Ng3 h4 20.Nf1 Bf8 21.Ne3 Bh6 22.Ng4 Ke7
23.Nxh6 Rxh6 24.Rc1 Rhh8 25.c3 a5 26.cxb4 Qxb4 27.Qe3 Kd7 28.a3 Qb5 29.Be2 Qa4
30.Bd3 Qb3 31.Qe2 Qb6 32.Bc4 Ke7 33.Red1 Rc5 34.Ba2 Rb8 35.Rxc5 Bxe4+ 36.Ka1 dxc5
37.Rd2 Bxf5 38.Qf2 Bg6 39.Qxh4 Rd8 40.Qf2 Rd4 41.Rxd4 cxd4 42.Qd2 e4 43.Bc4 d3
44.Qc3 Qd6 45.Bb3 e3 46.Bd1 Kf8 47.Bf3 Kg7 48.g4 e2 49.g5 Qf4 50.gxf6+ Qxf6  0-1

[Event "53rd ch-HUN w"]
[Site "Szeged HUN"]
[Date "2005.05.15"]
[Round "4"]
[White "Domany,Z"]
[Black "Ignacz,M"]
[Result "0-1"]
[WhiteElo "2056"]
[BlackElo "2195"]

1.e4 c5 2.Nf3 d6 3.d4 cxd4 4.Nxd4 Nf6 5.Nc3 Nc6 6.Bg5 e6 7.Qd2 a6 8.O-O-O h6
9.Nxc6 bxc6 10.Bf4 d5 11.Qe3 Be7 12.Be2 O-O 13.Qg3 Kh8 14.Bc7 Qd7 15.Be5 Qb7
16.exd5 exd5 17.Rd4 Rg8 18.Rh4 Bf5 19.Qf4 Bh7 20.Kb1 Rgb8 21.Nd1 Kg8 22.Bxb8 Rxb8
23.Rh3 Re8 24.Bd3 Bxd3 25.Rxd3 Ne4 26.h4 Bf6 27.Ka1 Nc5 28.Re3 Rb8 29.c3 Ne6
30.Qg3 d4 31.Re2 c5 32.Rhe1 Rd8 33.Rd2 Qe7 34.h5 Bg5 35.Rde2 Qd7 36.c4 d3
37.Rxe6 fxe6 38.Qe5 Kf7 39.Qe4 Bf6 40.Re3 a5 41.f4 a4 42.a3 d2 43.g4 Kf8
44.Qxe6 Qxe6 45.Rxe6 Rd4 46.Re2 Bh4 47.Kb1 Be1 48.b3 axb3 49.Kb2 Rxc4 50.Ne3 Re4  0-1

[Event "48th TCh-SCG"]
[Site "Herceg Novi SCG"]
[Date "2005.05.16"]
[Round "2"]
[White "Perunovic,Mio"]
[Black "Djukic,Ni"]
[Result "1-0"]
[WhiteElo "2346"]
[BlackElo "2509"]

1.e4 c5 2.Nf3 Nc6 3.d4 cxd4 4.Nxd4 Nf6 5.Nc3 d6 6.Bg5 e6 7.Qd2 a6 8.O-O-O Bd7
9.f3 h6 10.Be3 b5 11.Nxc6 Bxc6 12.Ne2 Bb7 13.Kb1 Qc7 14.h4 Be7 15.Rh3 Nd7
16.g4 Ne5 17.Nf4 Bxh4 18.Be2 Be7 19.Nh5 Rg8 20.Bd4 f6 21.b3 Nf7 22.c4 Ng5
23.Rhh1 bxc4 24.Rc1 Qb8 25.Rxc4 d5 26.exd5 Bxd5 27.Qe3 Qb7 28.Rc3 e5 29.Bb6 Ne6
30.Rhc1 Rb8 31.Bc7 Ra8 32.Bb6 Bd6 33.Rd1 Rb8 34.Ba7 Ke7 35.Ng3 Rbd8 36.Nf5+ Kf7
37.Bb6 Rd7 38.Bc4 Ba3 39.Rcd3 Nf4 40.Qxf4 exf4 41.Rxd5 Rc7 42.Rd7+ Kg6 43.Bxc7 Qc6
44.Bxg8  1-0

[Event "FSIM May"]
[Site "Budapest HUN"]
[Date "2005.05.19"]
[Round "13"]
[White "Lengyel,B"]
[Black "Erdelyi,Z"]
[Result "1/2-1/2"]
[WhiteElo "2302"]
[BlackElo "2264"]

1.e4 c5 2.Nf3 d6 3.d4 cxd4 4.Nxd4 Nf6 5.Nc3 Nc6 6.Bg5 Bd7 7.Be2 Rc8 8.O-O a6
9.Kh1 Nxd4 10.Qxd4 Qc7 11.f4 Qc5 12.Qd2 Ng4 13.h3 Nf2+ 14.Kh2 Qb4 15.Rxf2 Qxb2
16.Rb1 Qxc3 17.Qxc3 Rxc3 18.Rxb7 f6 19.Rb8+ Rc8 20.Rxc8+ Bxc8 21.Bh4 Bb7
22.Bd3 e5 23.f5 d5  1/2-1/2

[Event "53rd ch-HUN w"]
[Site "Szeged HUN"]
[Date "2005.05.20"]
[Round "9"]
[White "Lakos,N"]
[Black "Gara,T"]
[Result "1/2-1/2"]
[WhiteElo "2342"]
[BlackElo "2296"]

1.e4 c5 2.Nf3 d6 3.d4 cxd4 4.Nxd4 Nf6 5.Nc3 Nc6 6.Bg5 e6 7.Qd2 a6 8.O-O-O Bd7
9.f3 Qc7 10.Kb1 b5 11.Nxc6 Bxc6 12.Ne2 Be7 13.Nd4 Bb7 14.h4  1/2-1/2

[Event "VII Open"]
[Site "Salou ESP"]
[Date "2005.05.22"]
[Round "3"]
[White "Bruned,B"]
[Black "Manik,M"]
[Result "0-1"]
[WhiteElo "2193"]
[BlackElo "2495"]

1.e4 c5 2.Nf3 Nc6 3.d4 cxd4 4.Nxd4 Nf6 5.Nc3 d6 6.Bg5 e6 7.Qd2 a6 8.O-O-O Bd7
9.f4 b5 10.Bxf6 gxf6 11.Kb1 Qb6 12.Nxc6 Bxc6 13.Qe1 Ra7 14.f5 h5 15.Qh4 Be7
16.Qh3 b4 17.Ne2 e5 18.Qf3 Qb7 19.Ng3 h4 20.Nh5 Bxe4 21.Qg4 Qc6 22.Rd2 Rc7
23.Bd3 Bxd3 24.cxd3 d5 25.Qxh4 Kf8 26.Qg4 Rg8 27.Qe2 a5 28.Rdd1 Qd7 29.g4 a4
30.Rc1 b3 31.a3 Ke8 32.h3 Rxc1+ 33.Rxc1 Qb7 34.Qd2 Kd7 35.Qh6 Qa6 36.Qd2 Rc8
37.Rxc8 Qxc8 38.Qf2 Qa6 39.Qe2 Qb6 40.Qg2 Ke8 41.Qf1 Qe3 42.d4 Kf8 43.Qc1 Qd3+
44.Ka1 Qc2 45.Qh6+ Ke8 46.Qh8+ Kd7  0-1

[Event "13th Guillermo Garcia mem Prem II"]
[Site "Santa Clara CUB"]
[Date "2005.05.23"]
[Round "3"]
[White "Colovic,A"]
[Black "Fernando,D"]
[Result "1-0"]
[WhiteElo "2418"]
[BlackElo "2438"]

1.e4 c5 2.Nf3 d6 3.d4 cxd4 4.Nxd4 Nf6 5.Nc3 Nc6 6.Bg5 Qb6 7.Nb3 e6 8.Qd2 a6
9.O-O-O Qc7 10.f4 b5 11.Bd3 b4 12.Ne2 Bb7 13.Kb1 Be7 14.Qe1 h6 15.Bh4 a5
16.Nbd4 O-O 17.g4 b3 18.Nxc6 bxc2+ 19.Bxc2 Qxc6 20.Nd4 Qb6 21.g5 Nd7 22.gxh6 Bxh4
23.Qxh4 g6 24.f5 exf5 25.Nxf5 d5 26.Ne7+ Kh7 27.exd5 Qd6 28.Rhf1 Ne5 29.Nc6 Bxc6
30.dxc6 Qxc6 31.Be4 Qc4 32.Rc1 Qe6 33.Bxa8 Rxa8 34.Qe4 Ra7 35.Rc5 Re7 36.Rxe5  1-0

[Event "TCh-ROM A"]
[Site "Tusnad ROM"]
[Date "2005.05.23"]
[Round "3"]
[White "Iordachescu,V"]
[Black "Baklan,V"]
[Result "1/2-1/2"]
[WhiteElo "2609"]
[BlackElo "2584"]

1.e4 c5 2.Nf3 d6 3.d4 cxd4 4.Nxd4 Nf6 5.Nc3 Nc6 6.Bg5 e6 7.Qd2 a6 8.O-O-O Bd7
9.f3 h6 10.Be3 b5 11.Kb1 Qc7 12.Bxb5 axb5 13.Ndxb5 Qb8 14.Nxd6+ Bxd6 15.Qxd6 Qxd6
16.Rxd6 Na5 17.b3 Rc8 18.Ne2 e5 19.Rhd1 Bc6 20.c4 O-O 21.Nc3 Rb8 22.Kc2 Rfc8
23.Ba7 Ra8 24.Bb6 Nb7 25.R6d2 Be8 26.Kb2 Kf8 27.Be3 Ke7 28.Nd5+ Nxd5 29.exd5 f6
30.Rc1 Nc5 31.Bxc5+ Rxc5 32.a4 Rcc8 33.Ra1 Ra5 34.Kc3 Kd6 35.b4 Rxa4 36.c5+ Ke7
37.Rxa4 Bxa4 38.Ra2 Ra8 39.b5 Ra5 40.c6 Kd6 41.b6 Rc5+ 42.Kb4 Bxc6 43.dxc6 Kxc6
44.Ra7 Rb5+ 45.Kc3 e4 46.fxe4 Re5 47.b7 Kc7 48.g3 Kb8 49.Ra4 Kxb7 50.Rc4 h5
51.Kd4 h4  1/2-1/2

[Event "TCh-ROM A"]
[Site "Tusnad ROM"]
[Date "2005.05.23"]
[Round "3"]
[White "Balogh,C"]
[Black "Shishkin,Va UKR"]
[Result "1-0"]
[WhiteElo "2531"]
[BlackElo "2519"]

1.e4 c5 2.Nf3 Nc6 3.d4 cxd4 4.Nxd4 Nf6 5.Nc3 d6 6.Bg5 e6 7.Qd2 a6 8.O-O-O Nxd4
9.Qxd4 Be7 10.h4 b5 11.e5 dxe5 12.Qxe5 Bd7 13.Ne4 Nxe4 14.Qxe4 O-O 15.Qb7 Bxg5+
16.hxg5 Qxg5+ 17.f4 Qxf4+ 18.Kb1 Rad8 19.Rxd7 Rxd7 20.Qxd7 g6 21.Bd3 Qg5
22.Qb7 h5 23.Rf1 h4 24.a3 Kg7 25.Be4 Qe3 26.Rf3 Qe2 27.Bd3 Qd2 28.Qe7 Qxg2
29.Qf6+ Kg8 30.Rf4 Qg1+ 31.Ka2 g5 32.Qh6 f5 33.Qg6+  1-0

[Event "TCh-ROM A"]
[Site "Tusnad ROM"]
[Date "2005.05.24"]
[Round "4"]
[White "Ionica,I"]
[Black "Gheorghe,C"]
[Result "1-0"]
[WhiteElo "2245"]
[BlackElo "2234"]

1.e4 c5 2.Nf3 d6 3.d4 cxd4 4.Nxd4 Nf6 5.Nc3 Nc6 6.Bg5 e6 7.Qd2 a6 8.O-O-O Bd7
9.f4 b5 10.Bxf6 gxf6 11.Nxc6 Bxc6 12.Qe3 Qe7 13.Bd3 Qa7 14.Qh3 Qc5 15.Rhe1 h5
16.Kb1 Rc8 17.f5 e5 18.Qh4 Ke7 19.g4 Bh6 20.gxh5 a5 21.Bxb5 Bg5 22.Qg3 Bxb5
23.Rd5 Qc6 24.Rxb5 Bd2 25.Rxa5 Rhg8 26.Nd5+ Kf8 27.Qxg8+ Kxg8 28.Ne7+ Kh7
29.Nxc6 Rxc6 30.Ra7 Bxe1 31.Rxf7+ Kh6 32.Rxf6+ Kxh5 33.Rg6 Rc4 34.Rxd6 Rxe4
35.c3 Rf4 36.Kc2 Kg4 37.f6 e4 38.a4 Kf3 39.a5 e3 40.a6 e2 41.a7 Kf2 42.a8=Q Bxc3
43.Re6 Bxf6 44.Qe8  1-0

[Event "VII Open"]
[Site "Salou ESP"]
[Date "2005.05.26"]
[Round "7"]
[White "Bruned,Y"]
[Black "Slaby,J"]
[Result "1/2-1/2"]
[WhiteElo "2316"]
[BlackElo "2403"]

1.e4 c5 2.Nf3 d6 3.d4 cxd4 4.Nxd4 Nf6 5.Nc3 Nc6 6.Bg5 e6 7.Qd2 Be7 8.O-O-O O-O
9.f4 Nxd4 10.Qxd4 Qa5 11.Kb1 h6 12.h4 e5 13.Qd3 exf4 14.Bxf4 Be6 15.Be2 Rfc8
16.Nd5 Bxd5 17.exd5 Qa4 18.Bd2 Rc5 19.Bf3 Nd7 20.b3 Qa3 21.Bc1 Qa5 22.Bb2 Bf6
23.Bxf6 Nxf6 24.g4 Rac8 25.Rh2 Nd7 26.c4 Ne5 27.Qf5 b5 28.cxb5 g6 29.Qf4 Rc3
30.Be4 Qb4 31.Rf1 R3c4 32.Re2 Qxb5 33.h5 Rc1+ 34.Rxc1 Rxc1+ 35.Kxc1 Qxe2
36.hxg6 fxg6 37.Bc2 Qe1+ 38.Kb2 Qh4 39.Qb4 Qe7 40.Qb8+ Kg7 41.Qc8 Kf6 42.b4 Kg5
43.a4 Nxg4 44.Qe6 Qxe6 45.dxe6 Kf6 46.b5 Ne5 47.Bb3 Nd3+ 48.Kc2 Nc5 49.a5 h5
50.a6 h4 51.b6 Nxa6 52.bxa7 Nc7 53.Bd5 h3 54.Kd2 h2 55.a8=Q Nxa8 56.Bxa8 Kxe6
57.Bh1 d5 58.Ke3 Ke5 59.Kf3 d4 60.Kg2 d3 61.Kxh2 Kf4  1/2-1/2

[Event "TCh-ROM A"]
[Site "Tusnad ROM"]
[Date "2005.05.27"]
[Round "7"]
[White "Ardelean,G"]
[Black "Nacu,M"]
[Result "1-0"]
[WhiteElo "2447"]
[BlackElo "2187"]

1.e4 c5 2.Nf3 d6 3.d4 cxd4 4.Nxd4 Nf6 5.Nc3 Nc6 6.Bg5 e6 7.Qd2 a6 8.O-O-O h6
9.Be3 Nxd4 10.Bxd4 b5 11.f3 Bb7 12.Kb1 Be7 13.h4 Rc8 14.g4 e5 15.Be3 b4 16.Nd5 Nxd5
17.exd5 a5 18.Bb5+ Kf8 19.g5 h5 20.f4 f5 21.fxe5 dxe5 22.Rhf1 f4 23.Bxf4  1-0

[Event "TCh-ROM A"]
[Site "Tusnad ROM"]
[Date "2005.05.27"]
[Round "7"]
[White "Delchev,A"]
[Black "Shishkin,Va UKR"]
[Result "1/2-1/2"]
[WhiteElo "2614"]
[BlackElo "2519"]

1.e4 c5 2.Nf3 Nc6 3.d4 cxd4 4.Nxd4 Nf6 5.Nc3 d6 6.Bg5 e6 7.Qd2 a6 8.O-O-O Nxd4
9.Qxd4 Be7 10.f4 b5 11.Be2 Bb7 12.Bf3 O-O 13.Bxf6 Bxf6 14.Qxd6 Bxc3 15.Qxd8 Bxb2+
16.Kxb2 Rfxd8 17.Rd3 Kf8 18.Rhd1 Ke7 19.Rxd8 Rxd8 20.Rxd8 Kxd8 21.Kc3 Kc7
22.Kd4 Kd6 23.Bh5 g6 24.Bf3 b4 25.g4 a5 26.Be2 Bc6 27.Bc4 Ba4 28.Bb3 Bb5
29.g5 Kc6 30.c4 bxc3 31.Kxc3 Kc5 32.a3 Bc6 33.Bc2 Bb5 34.h4 Bc6 35.Bd3 Bb7
36.Bb1 Ba6 37.Bc2 Bb5 38.Bb3 Bc6 39.f5 Bxe4 40.fxe6 fxe6 41.Bxe6 Bd5 42.Bg4 Bf7
43.Bd1 Bd5 44.Bc2 Bf3 45.Bb1 Bd5 46.Kd3 Bb3 47.Ke3 Kb5 48.h5 gxh5 49.Bxh7 Ka4
50.Bg6 Kxa3 51.Bxh5  1/2-1/2

[Event "TCh-ROM A"]
[Site "Tusnad ROM"]
[Date "2005.05.27"]
[Round "7"]
[White "Chirila,I"]
[Black "Murariu,A"]
[Result "0-1"]
[WhiteElo "2339"]
[BlackElo "2430"]

1.e4 c5 2.Nf3 Nc6 3.d4 cxd4 4.Nxd4 Nf6 5.Nc3 d6 6.Bg5 e6 7.Qd2 a6 8.O-O-O Bd7
9.f3 Be7 10.g4 h5 11.gxh5 Rxh5 12.Be3 b5 13.Nxc6 Bxc6 14.Ne2 Rc8 15.Nd4 Bb7
16.Rg1 g6 17.Bd3 e5 18.Nb3 d5 19.exd5 Bxd5 20.Qf2 Qc7 21.Kb1 e4 22.fxe4 Nxe4
23.Qf1 Qxh2 24.Bf4 Qf2 25.Be2 Bxb3 26.axb3 Rf5 27.Qxf2 Nxf2 28.Bg4 Nxg4 29.Rxg4 Rd8
30.Rxd8+ Bxd8 31.c4 g5 32.Be3 Rf1+ 33.Kc2 f5 34.Rg2 f4 35.Bd4 Kd7 36.Kd2 Rf3
37.Bc3 Be7 38.cxb5 axb5 39.b4 Re3  0-1

[Event "TCh-IRI"]
[Site "Tehran IRI"]
[Date "2005.06.10"]
[Round "5"]
[White "Pashikian,A"]
[Black "Ghaem Maghami,E"]
[Result "1/2-1/2"]
[WhiteElo "2461"]
[BlackElo "2632"]

1.e4 c5 2.Nf3 d6 3.Nc3 Nc6 4.d4 cxd4 5.Nxd4 Nf6 6.Bg5 e6 7.Qd2 a6 8.O-O-O Bd7
9.f3 Be7 10.h4 h5 11.Nxc6 Bxc6 12.Ne2 Qc7 13.Nd4 Rc8 14.Bd3 Bd7 15.Kb1 Qb6
16.Be3 Qc7 17.Bg5 Qb6 18.Be3 Qc7  1/2-1/2

[Event "National Open"]
[Site "Las Vegas USA"]
[Date "2005.06.11"]
[Round "4"]
[White "Adamson,R"]
[Black "Gurevich,D"]
[Result "1/2-1/2"]
[WhiteElo "2344"]
[BlackElo "2515"]

1.e4 c5 2.Nf3 d6 3.d4 cxd4 4.Nxd4 Nf6 5.Nc3 Nc6 6.Bg5 g6 7.Bxf6 exf6 8.Bb5 Bd7
9.O-O Bg7 10.Nde2 a6 11.Ba4 b5 12.Bb3 b4 13.Nd5 O-O 14.a3 f5 15.exf5 Bxf5
16.axb4 Bxb2 17.Ra2 Bg7 18.Qd2 Ra7 19.c3 Qb8 20.Ng3 Be6 21.f4 Ne7 22.Nxe7+ Rxe7
23.Bxe6 Qb6+ 24.Qf2 Qxf2+ 25.Rfxf2 fxe6 26.Ne2 Rc7  1/2-1/2

[Event "PanAmY U18B"]
[Site "Balneario Camboriu BRA"]
[Date "2005.06.13"]
[Round "4"]
[White "Duarte,L"]
[Black "Fier,A"]
[Result "1/2-1/2"]
[WhiteElo "2298"]
[BlackElo "2462"]

1.e4 c5 2.Nf3 d6 3.d4 cxd4 4.Nxd4 Nf6 5.Nc3 Nc6 6.Bg5 e6 7.Qd2 a6 8.O-O-O h6
9.Bf4 Bd7 10.Nxc6 Bxc6 11.f3 d5 12.exd5 Nxd5 13.Nxd5 Qxd5 14.Kb1 Qxd2 15.Rxd2 Be7
16.Be5 Bf6 17.Bd6 Rd8 18.Be2 Be7 19.Rhd1 Bxd6 20.Rxd6 Rxd6 21.Rxd6 Ke7 22.Rd2 g5
23.b4 h5 24.c4 h4 25.Kc2 g4 26.Rd4 e5 27.Rxg4 Bd7 28.Rg5 Kf6 29.f4 exf4 30.Rh5 Bf5+
31.Kc3 Re8 32.Bd3 Bxd3 33.Kxd3 Re3+ 34.Kd4 Re2 35.Rxh4 Rxg2 36.Rxf4+ Ke6
37.Re4+ Kd6 38.Rf4 Rxh2 39.Rxf7 Kc6 40.Rf6+ Kc7 41.a4 Ra2 42.a5 Rh2 43.Re6 Rh7
44.Kc5 Rh5+ 45.Kd4 Rh7 46.Kd5 Rg7 47.Re5 Kb8 48.Kc5 Rc7+ 49.Kd4 Rd7+ 50.Rd5 Rh7
51.Re5 Rd7+ 52.Kc5 Rc7+ 53.Kd4  1/2-1/2

[Event "III Open"]
[Site "Bajada de la Virgen ESP"]
[Date "2005.06.15"]
[Round "4"]
[White "Carlsson,P"]
[Black "Kogan,Ar"]
[Result "1/2-1/2"]
[WhiteElo "2401"]
[BlackElo "2592"]

1.e4 c5 2.Nf3 Nc6 3.d4 cxd4 4.Nxd4 Nf6 5.Nc3 d6 6.Bg5 Bd7 7.Be2 Qa5 8.Bxf6 gxf6
9.O-O Nxd4 10.Qxd4 Rc8 11.a4 Qc5 12.Qd2 a6 13.Nd5 f5 14.c4 fxe4 15.b4 Qa7
16.c5 Qb8 17.Qd4 Rg8 18.Qxe4 Bc6 19.Bf3 Rg6 20.b5 axb5 21.axb5 Bxb5 22.Nb6 Rxc5
23.Ra8 Qxa8 24.Nxa8 Bxf1 25.h4 Rc1 26.Kh2 Bg7 27.Qxb7 Be5+ 28.g3 Kf8 29.Nc7 Rc4
30.h5 Rg5 31.Nd5 Kg7 32.Qxe7 Rf5 33.Ne3 Rxf3  1/2-1/2

[Event "III Open"]
[Site "Bajada de la Virgen ESP"]
[Date "2005.06.16"]
[Round "5"]
[White "Spasov,V"]
[Black "Miton,K"]
[Result "1/2-1/2"]
[WhiteElo "2543"]
[BlackElo "2592"]

1.e4 c5 2.Nf3 d6 3.d4 cxd4 4.Nxd4 Nf6 5.Nc3 Nc6 6.Bg5 e6 7.Qd2 a6 8.O-O-O Bd7
9.f4 b5 10.Bxf6 gxf6 11.Kb1 b4 12.Nce2 Qb6 13.Nxc6 Qxc6 14.f5 e5 15.Ng3 h5
16.h4 Qc5 17.Be2  1/2-1/2

[Event "Open"]
[Site "Mielo POL"]
[Date "2005.06.18"]
[Round "9"]
[White "Pinkas,K"]
[Black "Mielczarski,M"]
[Result "1/2-1/2"]
[WhiteElo "2325"]
[BlackElo "2276"]

1.e4 c5 2.Nf3 d6 3.d4 cxd4 4.Nxd4 Nf6 5.Nc3 Nc6 6.Bg5 e6 7.Qd2 Be7 8.O-O-O O-O
9.Nb3 Qb6 10.f3 Rd8 11.Be3 Qc7 12.g4 d5 13.Qg2 dxe4 14.Rxd8+ Qxd8 15.fxe4 Nd7
16.g5 Nde5 17.h4 Bd7 18.h5 Be8 19.Be2 a6 20.Kb1 b5 21.Bf4 Qc7 22.Bg4 Bd6
23.Rd1 Rd8 24.Qg3 Qe7 25.Be2 Bb8 26.Rxd8 Qxd8 27.a3 Bd6 28.Nd5 exd5 29.exd5 Qe7
30.dxc6 Bxc6 31.h6 Be4 32.Nd4 Qc7 33.Qe3 Bg6 34.Ka1 Qc5 35.Ka2 Qd5+ 36.Ka1 f6
37.hxg7 Bf7 38.Nb3 fxg5 39.Bxg5 Nc4 40.Qg1 Be5 41.Bxc4 bxc4 42.Nc1 Bg6 43.c3 Bxg7
44.Ne2 Kh8 45.Nf4 Qe4 46.Nxg6+ Qxg6 47.Qc5 h6 48.Be3 Qe6 49.a4  1/2-1/2

[Event "Marx Gyorgy Open"]
[Site "Paks HUN"]
[Date "2005.06.18"]
[Round "5"]
[White "Sikula,V"]
[Black "Videki,S"]
[Result "1-0"]
[WhiteElo "2457"]
[BlackElo "2405"]

1.e4 c5 2.Nf3 Nc6 3.d4 cxd4 4.Nxd4 Nf6 5.Nc3 d6 6.Bg5 e6 7.Qd2 Nxd4 8.Qxd4 Bd7
9.Nb5 Bc6 10.e5 dxe5 11.Qxe5 Rc8 12.Nxa7 Bd6 13.Qc3 Rc7 14.Nxc6 bxc6 15.Bd3 h6
16.Bh4 O-O 17.O-O e5 18.Rfe1 g5 19.Bg3 Nd5 20.Qc4 Qf6 21.Qe4 Re8 22.Rad1 Nf4
23.Qf5 Kg7 24.a4 Rb8 25.b3 Qxf5 26.Bxf5 Bb4 27.Re4 Kf6 28.Bg4 Bf8 29.Kf1 Rb4
30.Rde1 Bd6 31.Rxb4 Bxb4 32.Rd1 Ke7 33.f3 h5 34.Bf5 f6 35.Bf2 Nd5 36.c4 Nf4
37.Bb6 Rb7 38.a5  1-0

[Event "Open"]
[Site "Voronezh RUS"]
[Date "2005.06.18"]
[Round "6"]
[White "Smolkov,I"]
[Black "Zakharov,Alexander"]
[Result "1-0"]
[WhiteElo "2288"]
[BlackElo "2184"]

1.e4 c5 2.Nf3 d6 3.d4 cxd4 4.Nxd4 Nf6 5.Nc3 Nc6 6.Bg5 e6 7.Qd2 Be7 8.O-O-O a6
9.Nb3 b5 10.Bxf6 gxf6 11.a3 Bb7 12.f4 Rb8 13.Be2 Qc7 14.Kb1 O-O 15.Bd3 Kh8
16.Nd5 exd5 17.exd5 Na7 18.Qe2 Rbe8 19.Bxh7 Kg7 20.Rd3 Rh8 21.Rg3+ Kh6 22.f5 Qc4
23.Qe3+ Kxh7 24.Rh3+  1-0

[Event "Open"]
[Site "Voronezh RUS"]
[Date "2005.06.18"]
[Round "6"]
[White "Zakhartsov,V"]
[Black "Ulko,J"]
[Result "1-0"]
[WhiteElo "2518"]
[BlackElo "2478"]

1.e4 c5 2.Nf3 d6 3.d4 cxd4 4.Nxd4 Nf6 5.Nc3 Nc6 6.Bg5 e6 7.Qd2 Be7 8.O-O-O O-O
9.f4 h6 10.Bh4 Bd7 11.Nf3 Qa5 12.Kb1 Rfc8 13.Bd3 b5 14.g4 b4 15.Bxf6 Bxf6
16.Ne2 Bc3 17.Qe3 Bf6 18.h4 Rab8 19.Nc1 Qb6 20.Qe2 Qc5 21.Nb3 Qb6 22.g5 Be7
23.gxh6 g6 24.h5 Kh8 25.hxg6 fxg6 26.e5 d5 27.Bxg6 Rf8 28.f5 exf5 29.e6 Be8
30.Bxe8 Rbxe8 31.Rxd5 a5 32.h7 a4 33.Nbd2 a3 34.Nc4 Qb8 35.Nfe5 Nxe5 36.Nxe5 Rf6
37.Nf7+ Kg7 38.Qh5 Rg6 39.h8=Q+ Rxh8 40.Nxh8  1-0

[Event "Friendship IM"]
[Site "Cartak CZE"]
[Date "2005.06.19"]
[Round "3"]
[White "Biolek,R1"]
[Black "Obsivac,J"]
[Result "1/2-1/2"]
[WhiteElo "2135"]
[BlackElo "2334"]

1.e4 c5 2.Nf3 Nc6 3.d4 cxd4 4.Nxd4 Nf6 5.Nc3 d6 6.Bg5 Bd7 7.Bxf6 gxf6 8.Nf5 Qa5
9.Bb5 a6 10.Bxc6 bxc6 11.Qd3 h5 12.f4 Bh6 13.Nxh6 Rxh6 14.O-O-O Rb8 15.Rhe1 h4
16.e5 fxe5 17.fxe5 d5 18.Qe3 Rg6 19.Rd4 Rb4 20.Rxb4 Qxb4 21.Qa7 Bc8 22.a3 Qb7
23.Qf2 Rg4 24.Ne2 Be6 25.Nf4 Qc7 26.h3 Rg3 27.Nd3 Qa5 28.Re2 Qa4 29.Qa7 Kf8
30.Nb4 Bf5 31.Rf2 Bg6 32.e6 f6 33.Qb8+ Be8 34.Qf4 Kg7 35.Qxh4 Rg5 36.Qf4 Re5
37.Rf1 Bg6 38.Nd3 Qxf4+ 39.Nxf4 Bf5 40.Kd2  1/2-1/2

[Event "19th Open Pula"]
[Site "Pula CRO"]
[Date "2005.06.20"]
[Round "2"]
[White "Predojevic,B"]
[Black "Kolesar,Mil"]
[Result "1-0"]
[WhiteElo "2549"]
[BlackElo "2233"]

1.e4 c5 2.Nf3 d6 3.d4 cxd4 4.Nxd4 Nf6 5.Nc3 Nc6 6.Bg5 e6 7.Qd2 a6 8.O-O-O Bd7
9.f3 Be7 10.h4 h6 11.Be3 h5 12.Bg5 Qc7 13.Kb1 Ne5 14.Bd3 b5 15.Rhe1 b4 16.Nce2 a5
17.Nf4 Qb6 18.Bf1 a4 19.Qe3 Qb7 20.Qf2 g6 21.Qg3 Qc7 22.Nb5 Bxb5 23.Bxb5+ Kf8
24.Nd3 Nxd3 25.cxd3 a3 26.Qf2 Kg7 27.Bc4 Rhb8 28.Rc1 Qd8 29.Bb3 Ne8 30.Qd2 Bf6
31.d4 axb2 32.Kxb2 Qa5 33.Rc6 Rc8 34.Rec1 Bxg5 35.Qxg5 Qxg5 36.hxg5 Rcb8
37.f4 Ra7 38.Rc8 Rxc8 39.Rxc8 Nc7 40.Rb8 d5 41.e5 Kh7 42.g3 Na6 43.Rb5 Nc7
44.Rxb4 Ne8 45.Bc2 Ng7 46.a4 h4 47.g4 Ne8 48.Kc3 Kg7 49.Rb1 Nc7 50.Rh1 Na6
51.Bd3 Nc7 52.Kb4 Rb7+ 53.Bb5 Na6+ 54.Ka5 Nc7 55.Rxh4 Rb8 56.Rh1 Rb7 57.Rc1 Kf8
58.Rxc7 Rxc7 59.Kb6  1-0

[Event "Friendship IM"]
[Site "Cartak CZE"]
[Date "2005.06.21"]
[Round "6"]
[White "Kulovana,E"]
[Black "Malinovsky,K"]
[Result "1/2-1/2"]
[WhiteElo "2153"]
[BlackElo "2316"]

1.e4 c5 2.Nf3 Nc6 3.d4 cxd4 4.Nxd4 Nf6 5.Nc3 d6 6.Bg5 Bd7 7.Qd2 Rc8 8.Nb3 h6
9.Bxf6 gxf6 10.O-O-O f5 11.exf5 Bxf5 12.Bd3 Bxd3 13.Qxd3 Bg7 14.f4 a6 15.Nd5 e6
16.Qe3 O-O 17.Nb6 Qf6 18.c3 Rcd8 19.Nd4 Nxd4 20.Qxd4 Qxd4 21.cxd4 d5 22.Rd3 Rd6
23.Na4 Rc6+ 24.Kd2 Rc4 25.b3 Rxd4 26.Rxd4 Bxd4 27.Rc1 b5 28.Kd3 bxa4 29.Kxd4 axb3
30.axb3 Rb8 31.f5 Rxb3 32.fxe6 fxe6 33.Ke5 Rb2 34.Kf6 Rf2+ 35.Kxe6 Rxg2 36.Kxd5 Rxh2
37.Rc6 a5 38.Ra6 Kf7 39.Ke4 Rh5 40.Kf4 Ke7 41.Kg4 Rg5+ 42.Kf4 Rh5 43.Kg4 Rb5
44.Rxh6 Rb1 45.Ra6 Ra1 46.Kf5 a4 47.Ke4 Kd7 48.Kd3 Kc7 49.Kc2 Kb7 50.Kb2  1/2-1/2

[Event "III Summer"]
[Site "Alushta UKR"]
[Date "2005.06.23"]
[Round "7"]
[White "Zinchenko,Ya"]
[Black "Belosvetov,N"]
[Result "0-1"]
[WhiteElo "2460"]
[BlackElo "2340"]

1.e4 c5 2.Nf3 d6 3.d4 cxd4 4.Nxd4 Nf6 5.Nc3 Nc6 6.Bg5 Qb6 7.Nb3 e6 8.Qd2 a6
9.O-O-O Be7 10.f3 Qc7 11.h4 h6 12.Be3 b5 13.g4 Bb7 14.Qg2 Nd7 15.g5 b4 16.Ne2 hxg5
17.hxg5 Rxh1 18.Qxh1 Nce5 19.Kb1 Nc4 20.Bc1 Rc8 21.Bh3 Nf8 22.Nbd4 g6 23.f4 Rb8
24.Bg2 Rc8 25.c3 e5 26.fxe5 dxe5 27.Nc2 a5 28.Qh3 Nd6 29.Qd3 Ne6 30.cxb4 Ba6
31.Qd2 Bxg5 32.Ne3 Bxe3 33.Qxd6 Qc2+ 34.Ka1 Bxc1 35.Qd7+ Kf8 36.Qxc8+ Qxc8
37.Rxc1 Qd8 38.b5 Bxb5 39.Nc3 Qd2 40.Rd1 Qxg2 41.Nxb5 Qxe4 42.Nc3 Qf3 43.Rc1 g5
44.b3 g4  0-1

[Event "White Nights"]
[Site "St Petersburg RUS"]
[Date "2005.06.23"]
[Round "6"]
[White "Vitiugov,N"]
[Black "Novikov,MiV"]
[Result "1-0"]
[WhiteElo "2482"]
[BlackElo "2370"]

1.e4 c5 2.Nf3 d6 3.d4 cxd4 4.Nxd4 Nf6 5.Nc3 Nc6 6.Bg5 e6 7.Qd2 a6 8.O-O-O Bd7
9.f3 Be7 10.h4 Rc8 11.g4 Ne5 12.Bxf6 gxf6 13.Bd3 b5 14.Nce2 h6 15.Rhg1 Qb6
16.Kb1 b4 17.f4 Nc6 18.Nxc6 Rxc6 19.g5 hxg5 20.hxg5 fxg5 21.fxg5 Rg8 22.e5 Qc5
23.Be4 Rb6 24.g6 fxg6 25.Nf4 Qxe5 26.Nxg6 Qxe4 27.Nxe7 Rxg1 28.Rxg1 Kd8 29.Ng8 Qe5
30.Qf2 Qc5 31.Qh4+ Kc7 32.Rg5 Qe3 33.Rg7 Qf3 34.b3 Rc6 35.Qd4 Kd8 36.Nf6 Bc8
37.Rg8+ Ke7 38.Qa7+ Bb7 39.Ne8 Kd8 40.Nxd6+ Ke7 41.Qxb7+ Kxd6 42.Rd8+ Kc5
43.Qe7+ Kb5 44.Rb8+ Rb6 45.a4+ bxa3 46.c4+  1-0

[Event "ITT Cinco Soles"]
[Site "Pinamar ARG"]
[Date "2005.06.24"]
[Round "3"]
[White "Duarte,L"]
[Black "Walsh,H"]
[Result "1-0"]
[WhiteElo "2298"]
[BlackElo "2191"]

1.e4 c5 2.Nf3 d6 3.d4 cxd4 4.Nxd4 Nf6 5.Nc3 Nc6 6.Bg5 e6 7.Qd2 a6 8.O-O-O h6
9.Be3 Bd7 10.f4 Qc7 11.Kb1 Be7 12.Bd3 b5 13.h3 Nxd4 14.Bxd4 Bc6 15.Qe3 O-O
16.e5 dxe5 17.fxe5 Nd7 18.Rhe1 b4 19.Ne2 a5 20.Nf4 a4 21.Qg3 Rfd8 22.Rf1 Ra5
23.Nxe6 fxe6 24.Qg6 Nf8 25.Rxf8+ Bxf8 26.Rf1  1-0

[Event "zt 4.1"]
[Site "Taza MAR"]
[Date "2005.06.24"]
[Round "6"]
[White "Ali,Se"]
[Black "Sebih,K"]
[Result "0-1"]
[WhiteElo "2276"]
[BlackElo "2318"]

1.e4 c5 2.Nf3 Nc6 3.d4 cxd4 4.Nxd4 Nf6 5.Nc3 d6 6.Bg5 e6 7.Qd2 Be7 8.O-O-O a6
9.f3 Bd7 10.h4 h6 11.Be3 Qc7 12.g4 Ne5 13.Rg1 O-O-O 14.g5 hxg5 15.hxg5 Ne8
16.Nf5 Bf8 17.Be2 Rh2 18.Qe1 Rh8 19.f4 Nc4 20.Bd4 b5 21.Ne3 Nxe3 22.Bxe3 Qb7
23.Qf1 Nc7 24.a3 Bc6 25.Bd3 a5 26.e5 Kb8 27.Rg3 Rh1 28.Qf2 Rxd1+ 29.Nxd1 dxe5
30.fxe5 Nd5 31.Bc5 g6 32.Bxf8 Rxf8 33.Qc5 Rc8 34.Nf2 Ka8 35.Ne4 Be8 36.Qf2 Qe7
37.Nd6 Rb8 38.Qc5 Qa7 39.Qxa7+ Kxa7 40.Rf3 Kb6 41.Nxe8 Rxe8 42.Rxf7 Rh8 43.Be4 Kc5
44.Rg7 Kd4 45.Bxg6 Kxe5 46.Bd3 Rh1+ 47.Kd2 Rh2+ 48.Ke1 b4 49.Ra7 Kd4 50.Rxa5 b3
51.Ra4+ Ke3 52.Re4+ Kf3 53.Re2 bxc2 54.Rxc2 Rh1+ 55.Bf1 Nf4 56.a4 e5 57.Rc3+ Kg4
58.g6 Nxg6 59.a5 e4 60.a6 Rh7 61.Bh3+ Kf4 62.Bc8 Ne5 63.Bb7 Nf3+ 64.Rxf3+ exf3
65.b4 Rh1+ 66.Kf2 Rh2+ 67.Ke1 Rb2 68.a7 Ke3 69.Bxf3 Rb1+ 70.Bd1 Ra1 71.b5 Rxa7
72.b6 Ra1 73.b7 Rb1 74.b8=Q Rxb8 75.Bc2  0-1

[Event "White Nights"]
[Site "St Petersburg RUS"]
[Date "2005.06.25"]
[Round "8"]
[White "Vitiugov,N"]
[Black "Anisimov,P"]
[Result "1-0"]
[WhiteElo "2482"]
[BlackElo "2476"]

1.e4 c5 2.Nf3 d6 3.d4 cxd4 4.Nxd4 Nf6 5.Nc3 Nc6 6.Bg5 e6 7.Qd2 a6 8.O-O-O Bd7
9.f3 Rc8 10.Nxc6 Bxc6 11.Ne2 b5 12.h4 h6 13.Be3 Be7 14.Nd4 Bb7 15.Bd3 Nd7
16.h5 Ne5 17.Kb1 Qc7 18.g4 d5 19.Bf4 Bc5 20.c3 dxe4 21.fxe4 Bxd4 22.cxd4 Nc4
23.Qf2 Qb6 24.g5 e5 25.gxh6 gxh6 26.Be3 Nxe3 27.Qxe3 exd4 28.Qg3 Ke7 29.Rhf1 Rhg8
30.Qh4+ Rg5 31.Rf5 f6 32.e5 Rf8 33.exf6+ Rxf6 34.Rxg5 hxg5 35.Qxg5 Kd7 36.Rc1 Qe6
37.h6 Be4 38.Qg7+ Ke8 39.Bxe4 Qxe4+ 40.Ka1 Rc6 41.Rf1 Qe7 42.Qg8+ Kd7 43.h7 Qf6
44.Qd5+ Ke7 45.Re1+  1-0

[Event "Torch Real Estate Cup"]
[Site "Xiapu CHN"]
[Date "2005.06.26"]
[Round "19"]
[White "Shen Yang"]
[Black "Ju Wenjun"]
[Result "1-0"]
[WhiteElo "2322"]
[BlackElo "2281"]

1.e4 c5 2.Nf3 Nc6 3.d4 cxd4 4.Nxd4 Nf6 5.Nc3 d6 6.Bg5 e6 7.Qd2 a6 8.O-O-O Bd7
9.f4 Be7 10.Nf3 b5 11.Bxf6 gxf6 12.Kb1 Qa5 13.f5 Rc8 14.Bd3 Nb4 15.Nd4 Nxd3
16.Qxd3 Qb4 17.Rhe1 Qc4 18.fxe6 fxe6 19.Qg3 Kd8 20.Qf2 Rg8 21.Rd3 Qc5 22.Qe2 Rg5
23.Red1 Ke8 24.Nf3 b4 25.Nxg5 fxg5 26.e5 bxc3 27.Qh5+ Kd8 28.exd6 Bxd6 29.Rxd6 Rc7
30.Qf7  1-0